Central Library OPAC University of Rajshahi

International trade and the national income multiplier / (Record no. 8063)

MARC details
000 -LEADER
fixed length control field 00893cam a22002891 4500
001 - CONTROL NUMBER
control field 8063
003 - CONTROL NUMBER IDENTIFIER
rucl marc code BD-RjUL
005 - DATE AND TIME OF LATEST TRANSACTION
control field 20211208234522.0
008 - FIXED-LENGTH DATA ELEMENTS--GENERAL INFORMATION
fixed length control field 160114s1943 xx 001 0 eng
035 ## - SYSTEM CONTROL NUMBER
System control number (BD-RjUL)8108
System control number (OCoLC)2179360
040 ## - CATALOGING SOURCE
Original cataloging agency DLC
Transcribing agency NNCU-G
Modifying agency DLC
-- BD-RjUL
Language of cataloging eng
041 ## - LANGUAGE CODE
Language code of text/sound track or separate title eng
082 ## - DEWEY DECIMAL CLASSIFICATION NUMBER
Classification number 382.01
Author mark and year MAI 1961
100 1# - MAIN ENTRY--PERSONAL NAME
Personal name Machlup, Fritz,
Dates associated with a name 1902-
9 (RLIN) 12826
245 10 - TITLE STATEMENT
Title International trade and the national income multiplier /
Statement of responsibility, etc. by Fritz Machlup
260 ## - PUBLICATION, DISTRIBUTION, ETC. (IMPRINT)
Place of publication, distribution, etc. New York :
Name of publisher, distributor, etc. A. M. Kelley,
Date of publication, distribution, etc. c1943 [Reprinted 1961]
300 ## - PHYSICAL DESCRIPTION
Pagination xvi, 237 p. :
Illustrations ill. ;
Size 23 cm.
504 ## - BIBLIOGRAPHY, ETC. NOTE
Bibliography, etc Includes bibliographical references and index.
650 #0 - SUBJECT ADDED ENTRY--TOPICAL TERM
Topical term or geographic name as entry element Commerce.
9 (RLIN) 25145
Topical term or geographic name as entry element Income.
9 (RLIN) 25146
Topical term or geographic name as entry element Business cycles.
9 (RLIN) 25147
942 ## - ADDED ENTRY ELEMENTS (KOHA)
Source of classification or shelving scheme Dewey Decimal Classification
Koha item type Books
Holdings
Lost status Source of classification or shelving scheme Damaged status Not for loan Collection code Permanent Location Current Location Shelving location Date acquired Source of acquisition Cost, normal purchase price Total Checkouts Full call number Date last seen Copy number Koha item type
  Dewey Decimal Classification   Not For Loan Non-fiction Central Library, University of Rajshahi Central Library, University of Rajshahi Reading Room 16/01/2014 Zeitlinger 60.00   382.01 MAI 1943 16/01/2014 C-1 Books
  Dewey Decimal Classification     Non-fiction Central Library, University of Rajshahi Central Library, University of Rajshahi   17/11/1965 Zeitlinger 60.00   382.01 MAI 1961 23/08/2016 C-2 Books
  Dewey Decimal Classification     Non-fiction Central Library, University of Rajshahi Central Library, University of Rajshahi   17/11/1965 Zeitlinger 60.00   382.01 MAI 1961 03/01/2017 C-3 Books